[Event "Team men HL 2016"]
[Site "Sochi"]
[Date "2016.05.09"]
[Round "8.13"]
[White "Khismatullin, Denis"]
[Black "Demidov, Mikhail"]
[Result "1-0"]
[LiveChessVersion "1.4.4"]
[BlackElo "2506"]
[WhiteElo "2609"]

1. Nf3 {[%clk 1:30:57]} Nf6 {[%clk 1:30:25]} 2. g3 {[%clk 1:31:21]} d5
{[%clk 1:30:12]} 3. Bg2 {[%clk 1:31:46]} e6 {[%clk 1:29:42]} 4. O-O
{[%clk 1:31:40]} c5 {[%clk 1:29:31]} 5. c4 {[%clk 1:29:03]} dxc4 {[%clk 1:28:39]}
6. Ne5 {[%clk 1:25:41]} Be7 {[%clk 1:23:13]} 7. Na3 {[%clk 1:18:46]} Nbd7
{[%clk 1:21:00]} 8. Nexc4 {[%clk 1:17:00]} Nb6 {[%clk 1:18:50]} 9. b3
{[%clk 1:12:18]} Nbd5 {[%clk 1:10:47]} 10. e4 {[%clk 0:41:50]} Nb4
{[%clk 1:09:57]} 11. e5 {[%clk 0:42:11]} Nfd5 {[%clk 1:09:36]} 12. d4
{[%clk 0:34:41]} cxd4 {[%clk 1:03:24]} 13. Qg4 {[%clk 0:33:51]} Kf8
{[%clk 0:56:40]} 14. Nb5 {[%clk 0:25:37]} Bd7 {[%clk 0:48:24]} 15. Nxd4
{[%clk 0:23:00]} h5 {[%clk 0:43:28]} 16. Qe2 {[%clk 0:23:05]} Nc6
{[%clk 0:39:56]} 17. Nb5 {[%clk 0:21:47]} a6 {[%clk 0:34:19]} 18. Nbd6
{[%clk 0:19:45]} b5 {[%clk 0:34:00]} 19. Ne3 {[%clk 0:05:57]} Nc3
{[%clk 0:22:55]} 20. Qd2 {[%clk 0:05:43]} b4 {[%clk 0:22:44]} 21. Nec4
{[%clk 0:04:20]} h4 {[%clk 0:21:58]} 22. Re1 {[%clk 0:03:37]} h3 {[%clk 0:13:50]}
23. Bh1 {[%clk 0:03:59]} Rh5 {[%clk 0:09:54]} 24. Bb2 {[%clk 0:04:14]} Rb8
{[%clk 0:06:30]} 25. Bxc3 {[%clk 0:04:24]} bxc3 {[%clk 0:06:56]} 26. Qxc3
{[%clk 0:04:49]} g6 {[%clk 0:04:37]} 27. a3 {[%clk 0:03:51]} Qc7 {[%clk 0:03:34]}
28. Rad1 {[%clk 0:03:20]} Na7 {[%clk 0:02:43]} 29. Bf3 {[%clk 0:02:19]} Rh8
{[%clk 0:02:18]} 30. Qe3 {[%clk 0:02:01]} Kg7 {[%clk 0:02:05]} 31. Rc1
{[%clk 0:01:54]} Nc6 {[%clk 0:01:08]} 32. b4 {[%clk 0:01:38]} Qa7
{[%clk 0:01:12]} 33. Bxc6 {[%clk 0:01:52]} 1-0

[Event "Team men HL 2016"]
[Site "Sochi"]
[Date "2016.05.09"]
[Round "8.14"]
[White "Oganian, Miran"]
[Black "Bernadskiy, Vitaliy"]
[Result "1/2-1/2"]
[LiveChessVersion "1.4.4"]
[BlackElo "2526"]
[WhiteElo "2445"]

1. d4 {[%clk 1:30:58]} Nf6 {[%clk 1:30:59]} 2. c4 {[%clk 1:31:15]} e6
{[%clk 1:31:24]} 3. Nf3 {[%clk 1:31:34]} c5 {[%clk 1:30:42]} 4. d5
{[%clk 1:31:58]} exd5 {[%clk 1:30:55]} 5. cxd5 {[%clk 1:32:25]} d6
{[%clk 1:31:20]} 6. e4 {[%clk 1:32:49]} g6 {[%clk 1:29:00]} 7. Bd3
{[%clk 1:32:39]} Bg7 {[%clk 1:28:59]} 8. h3 {[%clk 1:33:02]} O-O {[%clk 1:28:20]}
9. O-O {[%clk 1:33:25]} Na6 {[%clk 1:21:07]} 10. Nc3 {[%clk 1:22:50]} Nc7
{[%clk 1:21:02]} 11. a4 {[%clk 1:21:36]} b6 {[%clk 1:14:46]} 12. Bf4
{[%clk 1:02:36]} a6 {[%clk 1:05:08]} 13. Nd2 {[%clk 0:55:45]} Rb8
{[%clk 0:55:36]} 14. Nc4 {[%clk 0:53:29]} Nfe8 {[%clk 0:55:49]} 15. e5
{[%clk 0:50:07]} dxe5 {[%clk 0:40:06]} 16. Nxe5 {[%clk 0:47:04]} Bb7
{[%clk 0:37:22]} 17. Nc6 {[%clk 0:45:42]} Bxc6 {[%clk 0:37:48]} 18. dxc6
{[%clk 0:45:50]} Qd4 {[%clk 0:37:58]} 19. Qf3 {[%clk 0:44:04]} Be5
{[%clk 0:37:50]} 20. Bxe5 {[%clk 0:40:58]} Qxe5 {[%clk 0:38:16]} 21. Rfe1
{[%clk 0:39:32]} Qg5 {[%clk 0:32:17]} 22. Rad1 {[%clk 0:21:17]} b5
{[%clk 0:27:33]} 23. Bf1 {[%clk 0:18:20]} Qf6 {[%clk 0:19:18]} 24. Qxf6
{[%clk 0:14:51]} Nxf6 {[%clk 0:16:34]} 25. axb5 {[%clk 0:08:47]} axb5
{[%clk 0:16:46]} 26. Rd6 {[%clk 0:03:04]} Rfe8 {[%clk 0:16:57]} 27. Ra1
{[%clk 0:01:07]} Kg7 {[%clk 0:07:52]} 28. Ra7 {[%clk 0:01:28]} Rec8
{[%clk 0:07:33]} 29. Rd7 {[%clk 0:01:14]} Nfe8 {[%clk 0:07:38]} 30. Ne4
{[%clk 0:01:23]} Rb6 {[%clk 0:06:43]} 31. Ng5 {[%clk 0:01:18]} Rxc6
{[%clk 0:06:33]} 32. Rxf7+ {[%clk 0:01:00]} Kg8 {[%clk 0:06:54]} 33. Rxh7
{[%clk 0:01:06]} c4 {[%clk 0:06:44]} 34. Rd7 {[%clk 0:00:44]} b4 {[%clk 0:07:02]}
35. Ra4 {[%clk 0:00:46]} Rb8 {[%clk 0:06:59]} 36. Kh2 {[%clk 0:00:47]} Nf6
{[%clk 0:05:06]} 37. Rd1 {[%clk 0:00:39]} c3 {[%clk 0:03:50]} 38. bxc3
{[%clk 0:00:59]} Rxc3 {[%clk 0:04:09]} 39. Bd3 {[%clk 0:00:37]} b3
{[%clk 0:02:50]} 40. Bxg6 {[%clk 0:30:38]} b2 {[%clk 0:33:03]} 41. Ra2
{[%clk 0:11:22]} Kg7 {[%clk 0:30:45]} 42. Bb1 {[%clk 0:10:51]} Rb5
{[%clk 0:25:36]} 43. Rd2 {[%clk 0:05:51]} Rc1 {[%clk 0:19:33]} 44. Rdxb2
{[%clk 0:03:33]} Rxb1 {[%clk 0:19:37]} 45. Rxb1 {[%clk 0:03:17]} Rxb1
{[%clk 0:20:04]} 46. Ra7 {[%clk 0:03:14]} Kg6 {[%clk 0:20:29]} 47. Rxc7
{[%clk 0:01:52]} Kxg5 {[%clk 0:20:57]} 48. Rc4 {[%clk 0:01:45]} Rb2
{[%clk 0:20:59]} 49. Kg1 {[%clk 0:00:54]} Rb1+ {[%clk 0:21:15]} 50. Kh2
{[%clk 0:01:20]} Rb2 {[%clk 0:21:36]} 51. f3 {[%clk 0:00:42]} Nd5
{[%clk 0:21:28]} 52. Rg4+ {[%clk 0:00:56]} Kf5 {[%clk 0:20:17]} 53. Rg8
{[%clk 0:01:03]} Ne3 {[%clk 0:18:26]} 54. h4 {[%clk 0:01:18]} Kf6
{[%clk 0:18:06]} 55. Kh3 {[%clk 0:01:09]} Rf2 {[%clk 0:17:59]} 56. Rg5
{[%clk 0:00:41]} Nxg2 {[%clk 0:16:53]} 57. Rxg2 {[%clk 0:01:03]} Rxf3+
{[%clk 0:17:22]} 58. Kg4 {[%clk 0:01:11]} Ra3 {[%clk 0:17:28]} 59. Kh5
{[%clk 0:01:16]} Ra4 {[%clk 0:17:30]} 60. Rg1 {[%clk 0:00:38]} Rb4
{[%clk 0:17:51]} 1/2-1/2

[Event "Team men HL 2016"]
[Site "Sochi"]
[Date "2016.05.09"]
[Round "8.15"]
[White "Yuffa, Daniil"]
[Black "Utnasunov, Alexander"]
[Result "1/2-1/2"]
[LiveChessVersion "1.4.4"]
[BlackElo "2423"]
[WhiteElo "2503"]

1. c4 {[%clk 1:30:46]} Nf6 {[%clk 1:30:18]} 2. Nf3 {[%clk 1:30:12]} c6
{[%clk 1:30:25]} 3. Nc3 {[%clk 1:30:21]} d5 {[%clk 1:30:50]} 4. e3
{[%clk 1:30:36]} e6 {[%clk 1:31:12]} 5. b3 {[%clk 1:30:40]} Nbd7 {[%clk 1:31:03]}
6. Bb2 {[%clk 1:30:51]} Bd6 {[%clk 1:31:19]} 7. Qc2 {[%clk 1:31:01]} O-O
{[%clk 1:31:34]} 8. Be2 {[%clk 1:31:15]} Qe7 {[%clk 1:31:55]} 9. Rg1
{[%clk 1:29:18]} Ba3 {[%clk 1:27:27]} 10. Bxa3 {[%clk 1:22:53]} Qxa3
{[%clk 1:27:37]} 11. g4 {[%clk 1:23:11]} a5 {[%clk 1:16:17]} 12. Rb1
{[%clk 1:11:51]} e5 {[%clk 1:13:00]} 13. g5 {[%clk 0:59:55]} Ne4 {[%clk 1:11:58]}
14. cxd5 {[%clk 0:58:11]} Nxc3 {[%clk 1:09:26]} 15. Qxc3 {[%clk 0:57:06]} cxd5
{[%clk 1:08:16]} 16. Nxe5 {[%clk 0:53:24]} Nxe5 {[%clk 1:01:17]} 17. Qxe5
{[%clk 0:53:49]} Qxa2 {[%clk 0:47:58]} 18. Qb2 {[%clk 0:48:17]} Qxb2
{[%clk 0:46:07]} 19. Rxb2 {[%clk 0:48:08]} d4 {[%clk 0:46:28]} 20. Bc4
{[%clk 0:43:50]} Be6 {[%clk 0:38:27]} 21. Ke2 {[%clk 0:40:20]} dxe3
{[%clk 0:29:17]} 22. fxe3 {[%clk 0:40:43]} Rfc8 {[%clk 0:29:07]} 23. d3
{[%clk 0:26:48]} Rc5 {[%clk 0:22:48]} 24. Ra2 {[%clk 0:24:20]} Bxc4
{[%clk 0:16:28]} 25. bxc4 {[%clk 0:17:18]} b5 {[%clk 0:16:52]} 26. cxb5
{[%clk 0:17:35]} Rxb5 {[%clk 0:17:20]} 27. Rg4 {[%clk 0:16:44]} Kf8
{[%clk 0:15:18]} 28. h4 {[%clk 0:16:38]} Ke7 {[%clk 0:15:27]} 29. Rc4
{[%clk 0:16:52]} Kd6 {[%clk 0:15:35]} 30. e4 {[%clk 0:12:50]} Rc5
{[%clk 0:13:26]} 31. Rca4 {[%clk 0:09:47]} Kc6 {[%clk 0:13:47]} 32. d4
{[%clk 0:09:50]} Rb5 {[%clk 0:14:09]} 33. Kd3 {[%clk 0:08:49]} Kb6
{[%clk 0:13:53]} 34. d5 {[%clk 0:06:38]} Rc8 {[%clk 0:12:08]} 35. Kd4
{[%clk 0:05:56]} Rb4+ {[%clk 0:04:53]} 36. Rxb4+ {[%clk 0:06:13]} axb4
{[%clk 0:05:23]} 37. Ra4 {[%clk 0:05:38]} Kb5 {[%clk 0:04:18]} 38. Ra7
{[%clk 0:06:04]} Rc4+ {[%clk 0:04:44]} 39. Ke5 {[%clk 0:05:42]} f6+
{[%clk 0:05:01]} 40. gxf6 {[%clk 0:35:10]} gxf6+ {[%clk 0:35:30]} 41. Kf5
{[%clk 0:33:09]} Kb6 {[%clk 0:28:04]} 42. Ra8 {[%clk 0:30:58]} Kb7
{[%clk 0:24:20]} 43. Ra4 {[%clk 0:26:59]} h5 {[%clk 0:22:26]} 44. e5
{[%clk 0:26:05]} fxe5 {[%clk 0:22:06]} 45. d6 {[%clk 0:24:50]} Rxh4
{[%clk 0:16:39]} 46. Ke6 {[%clk 0:14:39]} Rd4 {[%clk 0:16:41]} 47. d7
{[%clk 0:09:45]} Kc6 {[%clk 0:13:54]} 48. Ra6+ {[%clk 0:09:32]} Kc5
{[%clk 0:13:42]} 49. Ra8 {[%clk 0:06:24]} b3 {[%clk 0:14:03]} 50. Ra5+
{[%clk 0:03:30]} Kc6 {[%clk 0:11:56]} 51. Ra6+ {[%clk 0:03:47]} Kc5
{[%clk 0:11:47]} 52. Ra5+ {[%clk 0:04:04]} Kc6 {[%clk 0:11:18]} 53. Ra6+
{[%clk 0:04:24]} Kc5 {[%clk 0:10:59]} 54. Ra5+ {[%clk 0:04:46]} 1/2-1/2

[Event "Team men HL 2016"]
[Site "Sochi"]
[Date "2016.05.09"]
[Round "8.16"]
[White "Geivondian, Arman"]
[Black "Lugovskoy, Maxim"]
[Result "1-0"]
[LiveChessVersion "1.4.4"]
[BlackElo "2491"]
[WhiteElo "2405"]

1. d4 {[%clk 1:30:54]} d5 {[%clk 1:30:33]} 2. c4 {[%clk 1:31:13]} e6
{[%clk 1:30:57]} 3. Nc3 {[%clk 1:31:11]} a6 {[%clk 1:31:17]} 4. cxd5
{[%clk 1:22:34]} exd5 {[%clk 1:31:44]} 5. Bf4 {[%clk 1:21:56]} c6
{[%clk 1:32:12]} 6. e3 {[%clk 1:16:59]} Bd6 {[%clk 1:32:14]} 7. Bxd6
{[%clk 1:12:58]} Qxd6 {[%clk 1:32:29]} 8. Bd3 {[%clk 1:13:24]} Nf6
{[%clk 1:32:28]} 9. Qc2 {[%clk 1:03:43]} Nbd7 {[%clk 1:32:27]} 10. Nf3
{[%clk 1:03:57]} O-O {[%clk 1:32:45]} 11. h3 {[%clk 0:54:07]} Re8
{[%clk 1:21:16]} 12. O-O {[%clk 0:53:26]} Nf8 {[%clk 1:21:24]} 13. Qb3
{[%clk 0:48:11]} Be6 {[%clk 1:05:33]} 14. Na4 {[%clk 0:39:40]} Ne4
{[%clk 0:56:52]} 15. Rfc1 {[%clk 0:38:23]} Qe7 {[%clk 0:56:42]} 16. Nc5
{[%clk 0:33:41]} Nxc5 {[%clk 0:56:12]} 17. Rxc5 {[%clk 0:33:28]} Rad8
{[%clk 0:55:18]} 18. Rc3 {[%clk 0:30:00]} Bc8 {[%clk 0:55:13]} 19. Qc2
{[%clk 0:30:16]} Rd6 {[%clk 0:51:58]} 20. Rb1 {[%clk 0:28:21]} Rh6
{[%clk 0:50:14]} 21. b4 {[%clk 0:24:26]} Qf6 {[%clk 0:38:32]} 22. Ne5
{[%clk 0:22:45]} g5 {[%clk 0:35:08]} 23. Ng4 {[%clk 0:18:58]} Bxg4
{[%clk 0:35:04]} 24. hxg4 {[%clk 0:19:27]} Ng6 {[%clk 0:33:58]} 25. Bf5
{[%clk 0:17:23]} Ne7 {[%clk 0:28:14]} 26. a4 {[%clk 0:14:28]} Rh4
{[%clk 0:28:22]} 27. b5 {[%clk 0:13:45]} axb5 {[%clk 0:28:49]} 28. axb5
{[%clk 0:14:08]} Qh6 {[%clk 0:27:11]} 29. Kf1 {[%clk 0:14:23]} cxb5
{[%clk 0:23:34]} 30. Rxb5 {[%clk 0:08:50]} Nc6 {[%clk 0:20:04]} 31. Rxd5
{[%clk 0:06:29]} Rh1+ {[%clk 0:13:14]} 32. Ke2 {[%clk 0:06:58]} Qh2
{[%clk 0:13:43]} 33. Rxc6 {[%clk 0:02:44]} bxc6 {[%clk 0:10:08]} 34. Qxc6
{[%clk 0:03:02]} Qb8 {[%clk 0:05:27]} 35. Kf3 {[%clk 0:01:13]} h6
{[%clk 0:01:20]} 36. Be4 {[%clk 0:01:42]} Rc8 {[%clk 0:00:34]} 37. Qd7
{[%clk 0:01:36]} Re8 {[%clk 0:00:32]} 38. Rf5 {[%clk 0:01:01]} Rf8
{[%clk 0:00:41]} 39. Bd5 {[%clk 0:00:54]} Qb1 {[%clk 0:00:42]} 40. Rxf7
{[%clk 0:30:43]} Qd1+ {[%clk 0:30:31]} 41. Kg3 {[%clk 0:28:26]} 1-0

[Event "Team men HL chess 2016"]
[Site "Sochi"]
[Date "2016.05.09"]
[Round "8.5"]
[White "Potapov, Pavel"]
[Black "Tarlev, Konstantin"]
[Result "0-1"]
[WhiteElo "2485"]
[BlackElo "2586"]
[PlyCount "72"]
[EventDate "2016.05.01"]

1. e4 c5 2. c3 d5 3. exd5 Qxd5 4. Nf3 Nf6 5. d4 Nc6 6. Be3 cxd4 7. cxd4 e6 8.
Nc3 Qd6 9. a3 Be7 10. Bd3 O-O 11. O-O b6 12. Qe2 Bb7 13. Rad1 Rac8 14. Bb1 Nd5
15. Ne4 Qb8 16. Qd3 g6 17. Rfe1 Rfd8 18. Bg5 Bxg5 19. Nfxg5 Nf4 20. Qe3 Kg7 21.
Nxf7 Kxf7 22. g3 Nd5 23. Ng5+ Kg7 24. Nxe6+ Kg8 25. Qh6 Rd7 26. Bxg6 Qd6 27.
Bf5 Kh8 28. Qh3 Rg8 29. Re4 Nf6 30. Rh4 Ne5 31. Nf4 Nf3+ 32. Kf1 Nxh4 33. Bxd7
Ba6+ 34. Nd3 Qxd4 35. Bf5 Nxf5 36. Qxf5 Rd8 0-1

[Event "Team men HL chess 2016"]
[Site "Sochi"]
[Date "2016.05.09"]
[Round "8.5"]
[White "Sek, Konstantin"]
[Black "Belyakov, Bogdan"]
[Result "1/2-1/2"]
[WhiteElo "2450"]
[BlackElo "2493"]
[PlyCount "116"]
[EventDate "2016.05.01"]

1. d4 Nf6 2. c4 g6 3. f3 Bg7 4. e4 O-O 5. Nc3 d6 6. Be3 Nc6 7. Nge2 a6 8. Qd2
Na5 9. Nc1 Nd7 10. Nb3 Nxb3 11. axb3 c5 12. Be2 cxd4 13. Bxd4 Nc5 14. Ra3 Bxd4
15. Qxd4 e5 16. Qd2 Ne6 17. O-O Nd4 18. Nb5 Nxb5 19. cxb5 Qb6+ 20. Kh1 Be6 21.
Rfa1 Rab8 22. bxa6 bxa6 23. Bxa6 Bxb3 24. Bf1 Rfd8 25. Ra6 Qb4 26. Qxb4 Rxb4
27. Kg1 Be6 28. Ra8 Rbb8 29. Rxb8 Rxb8 30. Ra6 Rxb2 31. Rxd6 Kg7 32. Ra6 Rb1
33. Rc6 g5 34. Kf2 h5 35. Bc4 Rb2+ 36. Kg1 Bxc4 37. Rxc4 g4 38. Rc5 f6 39. Rc8
Re2 40. Ra8 Kh7 41. Rf8 Kg7 42. Ra8 h4 43. fxg4 Rxe4 44. h3 Rf4 45. Ra3 Kg6 46.
g3 hxg3 47. Kg2 f5 48. gxf5+ Kxf5 49. Kxg3 Rb4 50. h4 Rg4+ 51. Kh3 Rg1 52. Rf3+
Ke4 53. Rg3 Ra1 54. Kg4 Ra8 55. h5 Rg8+ 56. Kh4 Rxg3 57. Kxg3 Kf5 58. Kf3 Kg5
1/2-1/2

[Event "Team men HL chess 2016"]
[Site "Sochi"]
[Date "2016.05.09"]
[Round "8.5"]
[White "Savitskiy, Sergey"]
[Black "Sin, Denis"]
[Result "1/2-1/2"]
[WhiteElo "2401"]
[BlackElo "2312"]
[PlyCount "80"]
[EventDate "2016.05.01"]

1. e4 c5 2. Nf3 d6 3. d4 cxd4 4. Qxd4 Nc6 5. Bb5 Bd7 6. Bxc6 Bxc6 7. Nc3 Nf6 8.
Bg5 e6 9. O-O-O Be7 10. Qd3 Qa5 11. h4 h6 12. Bxf6 Bxf6 13. Nd4 Qb6 14. f4 Bxd4
15. Qxd4 Qxd4 16. Rxd4 Ke7 17. g3 g5 18. Rhd1 Rad8 19. b4 b5 20. a4 a6 21. axb5
axb5 22. hxg5 hxg5 23. e5 dxe5 24. Rxd8 Rxd8 25. Rxd8 Kxd8 26. fxe5 Ke7 27. Kd2
f5 28. exf6+ Kxf6 29. g4 Ke5 30. Ke3 Be8 31. Nb1 Kd5 32. Nd2 Bg6 33. c3 Bc2 34.
Nf3 Bd1 35. Nxg5 Bxg4 36. Ne4 Bf5 37. Nd2 Bg6 38. Kf4 Bd3 39. Ke3 Bg6 40. Kf4
Bd3 1/2-1/2

[Event "Team men HL chess 2016"]
[Site "Sochi"]
[Date "2016.05.09"]
[Round "8.5"]
[White "Khokhlova, Daria"]
[Black "Sergeyev, Alexander"]
[Result "0-1"]
[WhiteElo "2204"]
[BlackElo "2388"]
[PlyCount "138"]
[EventDate "2016.05.01"]

1. Nf3 Nf6 2. g3 d5 3. Bg2 c6 4. O-O Bf5 5. d3 e6 6. Nbd2 h6 7. Re1 Bh7 8. c3
Nbd7 9. Qc2 Qb6 10. e4 Bc5 11. Nb3 dxe4 12. dxe4 Be7 13. Be3 Qc7 14. Nfd2 Ng4
15. Nf1 Nxe3 16. Nxe3 O-O 17. Qe2 a5 18. a4 Nc5 19. Nxc5 Bxc5 20. Nc4 Rad8 21.
Rad1 b5 22. axb5 cxb5 23. Ne3 Qb6 24. Rxd8 Rxd8 25. Rd1 Rxd1+ 26. Nxd1 b4 27.
cxb4 Qxb4 28. h3 Bg6 29. Kh2 Bd4 30. Bf3 a4 31. Kg2 Be5 32. Qc2 Kh7 33. h4 h5
34. Qe2 Kg8 35. Qc2 Bd4 36. Qe2 Qc5 37. Qd3 Kh7 38. Qd2 f6 39. Qd3 Be8 40. Be2
Bc6 41. f3 Qb4 42. Qc4 Qe1 43. Qxd4 Qxe2+ 44. Nf2 Bb5 45. f4 Bc6 46. Kg1 Bb5
47. Kg2 Qf1+ 48. Kf3 Be2+ 49. Ke3 Bg4 50. Kd2 Qe2+ 51. Kc1 Qf3 52. Nxg4 hxg4
53. Qc5 Kh6 54. Qf8 Qe3+ 55. Kd1 Qxe4 56. Qh8+ Qh7 57. Qb8 Qd3+ 58. Kc1 Qxg3
59. Qh8+ Kg6 60. Qe8+ Kf5 61. Qb5+ e5 62. fxe5 Qxe5 63. Qd7+ Kf4 64. Qxa4+ Qe4
65. Qd7 g3 66. Qxg7 g2 67. Qxf6+ Kg3 68. Qg7+ Kh2 69. Qc7+ Kh1 0-1

[Event "Team men HL chess 2016"]
[Site "Sochi"]
[Date "2016.05.09"]
[Round "8.6"]
[White "Tukhaev, Adam"]
[Black "Nikolenko, Oleg"]
[Result "1-0"]
[WhiteElo "2536"]
[BlackElo "2505"]
[PlyCount "81"]
[EventDate "2016.05.01"]

1. e4 Nf6 2. e5 Nd5 3. d4 d6 4. Nf3 dxe5 5. Nxe5 c6 6. Be2 Bf5 7. O-O Nd7 8.
Nf3 e6 9. c4 N5f6 10. Nh4 Bxb1 11. Rxb1 Bd6 12. Qc2 O-O 13. Rd1 a5 14. g3 a4
15. Bf3 Qa5 16. b4 axb3 17. axb3 Bb4 18. Bb2 Rfc8 19. Ng2 Qd8 20. Nf4 Ra2 21.
Ra1 Rxa1 22. Bxa1 Qa5 23. Nd3 Bf8 24. Bc3 Qf5 25. Qe2 Ra8 26. Ne5 Ra3 27. Nxd7
Nxd7 28. Bg4 Qg6 29. d5 Nf6 30. Bxf6 Qxf6 31. dxe6 Rxb3 32. exf7+ Kxf7 33. c5
Rb2 34. Rd7+ Kg8 35. Qc4+ Kh8 36. Rf7 Qd8 37. Qd4 Rb1+ 38. Kg2 Qe8 39. Qf4 Bxc5
40. Rc7 Rb4 41. Qe5 1-0

[Event "Team men HL chess 2016"]
[Site "Sochi"]
[Date "2016.05.09"]
[Round "8.6"]
[White "Sychev, Klementy"]
[Black "Gabrielian, Artur"]
[Result "1/2-1/2"]
[WhiteElo "2419"]
[BlackElo "2520"]
[PlyCount "82"]
[EventDate "2016.05.01"]

1. d4 Nf6 2. c4 e6 3. Nf3 c5 4. d5 b5 5. Bg5 exd5 6. cxd5 h6 7. Bxf6 Qxf6 8.
Qc2 Na6 9. Nc3 Nc7 10. e4 b4 11. Nb5 Nxb5 12. Bxb5 Qb6 13. Bd3 d6 14. Nd2 Be7
15. O-O O-O 16. Nc4 Qc7 17. f4 Bb7 18. Rf3 Bf6 19. Raf1 Bd4+ 20. Kh1 f5 21. Ne3
Bxe3 22. Rxe3 Rae8 23. Qe2 Qf7 24. Re1 Kh8 25. Bc4 fxe4 26. Rxe4 Rxe4 27. Qxe4
Bc8 28. g3 g5 29. fxg5 hxg5 30. Rf1 Qg7 31. Rxf8+ Qxf8 32. h4 gxh4 33. Bd3 Qf7
34. Qxh4+ Kg8 35. Qg5+ Qg7 36. Qd8+ Qf8 37. Qg5+ Qg7 38. Qd8+ Qf8 39. Qg5+ Qg7
40. Qd8+ Qf8 41. Qg5+ Qg7 1/2-1/2

[Event "Team men HL chess 2016"]
[Site "Sochi"]
[Date "2016.05.09"]
[Round "8.6"]
[White "Yandarbiev, Ruslan"]
[Black "Ulko, Jaroslav"]
[Result "0-1"]
[WhiteElo "2353"]
[BlackElo "2441"]
[PlyCount "96"]
[EventDate "2016.05.01"]

1. e4 c5 2. Nf3 e6 3. d4 cxd4 4. Nxd4 Nc6 5. Nc3 d6 6. Be3 Nf6 7. Qd2 Be7 8. f3
O-O 9. O-O-O a6 10. g4 Nxd4 11. Qxd4 b5 12. g5 Nd7 13. h4 Rb8 14. Kb1 b4 15.
Na4 Bb7 16. b3 Qc7 17. Be2 Rfc8 18. Rc1 Nc5 19. Nxc5 dxc5 20. Qd2 Rd8 21. Qe1
Bc6 22. Bc4 Bb5 23. Qe2 Qe5 24. Rcd1 Qc3 25. Bxb5 axb5 26. Bf4 Rbc8 27. Rd3
Rxd3 28. Qxd3 Qxd3 29. cxd3 Rd8 30. Kc2 f6 31. Be3 e5 32. Rc1 fxg5 33. Bxg5
Bxg5 34. hxg5 h5 35. Kd2 Rc8 36. g6 h4 37. Ke3 Rc6 38. Rg1 h3 39. f4 h2 40. Rh1
Rxg6 41. Kf3 Rh6 42. f5 Rh3+ 43. Kg2 Rxd3 44. Kxh2 Rd4 45. Re1 c4 46. bxc4 bxc4
47. Kg3 c3 48. Kf3 Rd3+ 0-1

[Event "Team men HL chess 2016"]
[Site "Sochi"]
[Date "2016.05.09"]
[Round "8.6"]
[White "Saulin, Dmitri"]
[Black "Kozak, Alexander"]
[Result "1/2-1/2"]
[WhiteElo "2390"]
[BlackElo "2280"]
[PlyCount "104"]
[EventDate "2016.05.01"]

1. e4 d5 2. exd5 Nf6 3. d4 Bg4 4. Nf3 Qxd5 5. Be2 Nc6 6. Be3 O-O-O 7. Nbd2 Qa5
8. O-O Bxf3 9. Nxf3 e5 10. Bd2 Bb4 11. c3 Be7 12. c4 Bb4 13. d5 Bxd2 14. Nxd2
Nd4 15. Nb3 Qb6 16. Nxd4 exd4 17. b4 Rhe8 18. Bf3 Ne4 19. Qd3 f5 20. Rfe1 Qxb4
21. Bxe4 Rxe4 22. Rxe4 fxe4 23. Qxd4 b5 24. Rc1 Qa3 25. Rd1 bxc4 26. Qxc4 e3
27. fxe3 Qxe3+ 28. Kh1 Re8 29. Qg4+ Kd8 30. h3 Qc3 31. Qh4+ Kc8 32. Rb1 h5 33.
Qf2 g6 34. d6 cxd6 35. Qf1 Qa5 36. Qc4+ Kd8 37. Rb8+ Ke7 38. Rb7+ Kd8 39. Rb8+
Ke7 40. Rxe8+ Kxe8 41. Qe6+ Kd8 42. Qxd6+ Kc8 43. Qxg6 Qxa2 44. Qxh5 a5 45.
Qc5+ Kd7 46. Qd4+ Kc6 47. h4 a4 48. h5 a3 49. h6 Qb1+ 50. Kh2 a2 51. Qf6+ Kd5
52. Qg5+ Kc6 1/2-1/2

[Event "Team men HL chess 2016"]
[Site "Sochi"]
[Date "2016.05.09"]
[Round "8.7"]
[White "Shcherbakov, Ruslan"]
[Black "Triapishko, Olexandr"]
[Result "1-0"]
[WhiteElo "2492"]
[BlackElo "2474"]
[PlyCount "89"]
[EventDate "2016.05.01"]

1. e4 c5 2. Nf3 Nc6 3. Bb5 d6 4. O-O Bd7 5. Re1 Nf6 6. h3 Ne5 7. Bxd7+ Nfxd7 8.
b3 g5 9. Nxe5 Nxe5 10. Bb2 Bg7 11. Bxe5 Bxe5 12. c3 Qd7 13. d4 Bg7 14. Na3 cxd4
15. cxd4 O-O 16. Nc4 h6 17. Ne3 e6 18. Qd3 f5 19. exf5 exf5 20. Nd5 Qf7 21.
Ne7+ Kh8 22. Re2 Qf6 23. Rae1 Qxd4 24. Ng6+ Kg8 25. Qxd4 Bxd4 26. Nxf8 Kxf8 27.
Rc1 Kf7 28. Rc7+ Kf6 29. Rd2 Bc5 30. Rxb7 a5 31. Kf1 g4 32. Re2 gxh3 33. gxh3
Rg8 34. Rbe7 Kg5 35. Re8 Rg6 36. R2e6 Rg7 37. R6e7 Rg6 38. Re6 Rg7 39. R8e7 Rg8
40. Rf7 h5 41. Ref6 Kh4 42. Rxf5 Kxh3 43. Rxh5+ Kg4 44. Rh1 Rg5 45. Rg1+ 1-0

[Event "Team men HL chess 2016"]
[Site "Sochi"]
[Date "2016.05.09"]
[Round "8.7"]
[White "Sitnikov, Anton"]
[Black "Radzhabov, Rodion"]
[Result "1-0"]
[WhiteElo "2425"]
[BlackElo "2172"]
[PlyCount "37"]
[EventDate "2016.05.01"]

1. e4 c5 2. Nf3 Nc6 3. d4 cxd4 4. Nxd4 Qc7 5. Nc3 e6 6. g3 a6 7. Bg2 b5 8. O-O
Bb7 9. Re1 d6 10. a4 bxa4 11. Rxa4 Be7 12. Rc4 Qd7 13. Nxc6 Bxc6 14. Rxc6 Qxc6
15. e5 d5 16. Nxd5 O-O-O 17. Qg4 Rxd5 18. Bxd5 Qxd5 19. Qxg7 1-0

[Event "Team men HL chess 2016"]
[Site "Sochi"]
[Date "2016.05.09"]
[Round "8.7"]
[White "Scherbakov, Mikhail"]
[Black "Derevianchenko, Ilia"]
[Result "1-0"]
[WhiteElo "2139"]
[BlackElo "2308"]
[PlyCount "97"]
[EventDate "2016.05.01"]

1. e4 c5 2. Nf3 Nc6 3. Bb5 Qc7 4. O-O d6 5. Re1 a6 6. Bxc6+ Qxc6 7. d4 cxd4 8.
Nxd4 Qc7 9. Nc3 e6 10. Kh1 b5 11. Bg5 Be7 12. Qg4 Nf6 13. Qg3 b4 14. Nd5 exd5
15. exd5 O-O 16. Rxe7 Qxe7 17. Nc6 Qe2 18. Bxf6 Qg4 19. Qxg4 Bxg4 20. Be7 Rfe8
21. Bxd6 a5 22. h3 Bd7 23. Ne7+ Kh8 24. c4 bxc3 25. bxc3 Bb5 26. Bc5 h6 27. d6
Red8 28. Rd1 g6 29. Rd4 Rab8 30. Ba3 Rb6 31. c4 Bc6 32. c5 Ra6 33. Bb2 Kh7 34.
Rf4 f5 35. Kh2 Be4 36. f3 g5 37. fxe4 gxf4 38. e5 Rb8 39. Bc3 Rb7 40. c6 Rxe7
41. dxe7 Ra8 42. Bxa5 f3 43. Bd8 Rxa2 44. e8=Q Rxg2+ 45. Kh1 Rg7 46. Bh4 f4 47.
Qf8 h5 48. Qxf4 Kg8 49. Qxf3 1-0

[Event "Team men HL chess 2016"]
[Site "Sochi"]
[Date "2016.05.09"]
[Round "8.7"]
[White "Sshedrin, Iliya"]
[Black "Lushnikov, Sergey"]
[Result "0-1"]
[WhiteElo "2150"]
[BlackElo "1953"]
[PlyCount "148"]
[EventDate "2016.05.01"]

1. d4 d5 2. Nf3 Nf6 3. c4 c6 4. Nc3 e6 5. g3 Nbd7 6. Bg2 dxc4 7. O-O Bb4 8. Qa4
Qa5 9. Qxa5 Bxa5 10. Nd2 Nb6 11. Nce4 Ke7 12. b3 Bxd2 13. Ba3+ Kd7 14. Nxd2
cxb3 15. axb3 Rd8 16. Bc5 Kc7 17. Rfc1 Bd7 18. Nf3 Be8 19. Ne5 Ng8 20. Nd3 f6
21. f4 Bg6 22. e4 h5 23. Kf2 Nh6 24. h3 Nf7 25. Ke3 Nd6 26. Ra2 Nb5 27. Ra5 a6
28. Ra2 Bf7 29. Rac2 Rd7 30. Rd2 Rad8 31. Nb4 a5 32. Nc2 Nc8 33. Na3 Nxa3 34.
Bxa3 Nd6 35. Bxd6+ Rxd6 36. Rc5 b6 37. Rc3 c5 38. Rc4 Rxd4 39. Rdxd4 Rxd4 40.
e5 fxe5 41. fxe5 Rxc4 42. bxc4 Bg6 43. Kd2 a4 44. Kc3 a3 45. Bf1 Bb1 46. h4 Kd7
47. Be2 g6 48. Bf1 Ke7 49. Kb3 a2 50. Kb2 Kf7 51. Be2 Kg7 52. g4 hxg4 53. Bxg4
Bf5 54. Be2 Kh6 55. Kxa2 g5 56. hxg5+ Kxg5 57. Kb3 Be4 58. Kc3 Kf4 59. Kd2 Kxe5
60. Ke3 Bc6 61. Bd3 Kd6 62. Kf4 e5+ 63. Ke3 Kc7 64. Kf2 Kb7 65. Kg3 Ka6 66. Kg4
Ka5 67. Kf5 e4 68. Bf1 Kb4 69. Kf4 Kc3 70. Ke3 Bb7 71. Be2 Ba6 72. Kxe4 Bxc4
73. Bd1 b5 74. Ke5 Bd3 0-1